[Event "Dos Hermanas"]
[Site "Dos Hermanas"]
[Date "1997.04.06"]
[Round "5"]
[White "Topalov, Veselin"]
[Black "Karpov, Anatoly"]
[Result "1/2-1/2"]
[WhiteElo "2725"]
[BlackElo "2760"]
[Annotator "Blatny,P"]
[PlyCount "69"]
[EventDate "1997.04.01"]
[EventType "tourn"]
[EventRounds "9"]
[EventCountry "ESP"]
[EventCategory "19"]
[SourceTitle "CBM 059"]
[Source "ChessBase"]
[SourceDate "1997.08.01"]
[SourceVersion "1"]
[SourceVersionDate "1997.08.01"]
[SourceQuality "1"]

1. e4 {Finkel,A} c6 2. d4 d5 3. Nd2 dxe4 4. Nxe4 Nd7 5. Ng5 Ngf6 6. Bd3 e6 {
[%csl Gc5,Rc6,Gd4,Rd5,Ge5,Re6]} (6... h6 $6 7. Ne6 Qa5+ 8. Bd2 Qb6 9. Nf3 fxe6
10. Bg6+ Kd8 11. O-O c5 12. c4 cxd4 13. Nxd4 e5 14. c5 $1 Nxc5 15. Ba5 $18 {
Tal-Oll, USSR 1986}) (6... g6 7. N1f3 Bg7 8. O-O h6 9. Ne6 fxe6 10. Bxg6+ Kf8
11. Qe2 $40) (6... c5 7. N1f3 $16 cxd4 8. O-O h6 9. Ne6 Qb6 10. Re1 $1 Nc5 11.
Nxc5 Qxc5 12. Nxd4 a6 13. c3 e6 14. Bf4 Be7 15. Bc2 {/\15...0-0 16.Qd3} Bd7 16.
Nf5 $1 Bc6 17. Re5 $40) (6... Nb6 7. N1f3 h6 8. Ne4 Nxe4 9. Bxe4 Bg4 10. O-O e6
11. h3 Bxf3 12. Qxf3 {^^}) 7. N1f3 Bd6 (7... h6 8. Nxe6 $5 {Geller}) (7... Be7
8. Qe2 O-O 9. h4 c5 10. Be3 a6 11. O-O-O $132 {Shirazi-Neamtu, Biel (op) 1987})
(7... Qc7 $2 8. Qe2 h6 9. Bg6 $1 hxg5 10. Bxf7+ $1 $40 {Van der Wiel-Karpov,
Amsterdam 1987}) 8. Qe2 (8. O-O h6 9. Ne4 Nxe4 10. Bxe4 O-O 11. c3 e5 $132 {
1-0 Ulibin,M-Georgadze,G/URS-FL56 Simferopol 1988 (41)}) 8... h6 9. Ne4 (9.
Nxe6 $2 fxe6 10. Bg6+ Ke7 11. O-O Nf8 12. Bd3 Bd7 13. Ne5 Qe8 14. f4 Kd8 $17 {
Arnason-Ostenstad, Torshavn 1987}) 9... Nxe4 10. Qxe4 c5 {[%csl Yc5,Yd4,Yd5,
Ye5]} (10... Nf6 11. Qh4 (11. Qe2 $142 Qb6 {N} (11... O-O 12. Bd2 c5 13. dxc5
Bxc5 14. O-O-O Qc7 15. g4 $5 e5 $8 {1/2-1/2 Smirin,I-Kharitonov,A/Sverdlovsk
1987 (27)} (15... Nxg4 16. Rdg1 {/\ Rhg1->})) 12. O-O O-O 13. a3 $6 (13. c3 {N}
c5 14. dxc5 Qxc5 15. Be3 Qh5 16. Bd4 Nd5 17. g3 $14 {+/= Almasi,Z-Kallai,G/
Magyarorszag (ch) 1992}) 13... Qc7 14. c4 b6 15. b4 c5 $13 {~~ Smirin,I-Dreev,
A/Vilnius 1988}) 11... Bd7 (11... Ke7 $5 {Kamsky,G-Karpov,A/ Dortmund/1993/0:1/
(49)}) (11... Qa5+ 12. Bd2 Qh5 13. Qxh5 Nxh5 14. Ne5 O-O 15. O-O-O c5 {
Hector-Hodgson/London/1991/ (19)}) (11... Nd5 $1 12. Qxd8+ Kxd8 13. c3 Ke7 $14)
12. Bf4 $13 {1-0 Svidler,P-Burmakin,V/RUS-ch Elista 1994 (37)}) (10... Qc7 {N}
11. Qg4 (11. Bd2 b6 12. Qg4 g5 $1 {0-1 Sion Castro,M-Karpov,A/Leon 1993 (35)})
11... g5 {N} (11... Kf8 12. O-O (12. Bd2 $5) 12... c5 13. b3 e5 {1/2-1/2
Gelfand,B-Speelman,J/Munchen 1992 (29)} (13... cxd4 14. Qxd4 Ne5 15. Bb2 Nxf3+
16. gxf3 Bxh2+ 17. Kg2 f6)) 12. Qh3 $1 Rg8 $1 $8 13. Nd2 $1 {1-0 Kasparov,
G-Kamsky,G/Linares 1994 (39)}) 11. O-O (11. Bd2 Nf6 12. Bb5+ (12. Qh4 Qc7 13.
dxc5 Bxc5 14. O-O-O Bd7 15. Rhe1 O-O-O 16. Ne5 Be8 17. f4 Bd4 {Luther,T-Gelpke,
P/Linares op 1995/1/2-1/2 (63)}) 12... Bd7 (12... Ke7 13. Qe2) 13. Qxb7 Rb8 14.
Bxd7+ Nxd7 15. Qa6 (15. Qxa7 Rxb2 $44) 15... Rb6 16. Qa4 Rxb2 17. dxc5 Bxc5 18.
Bc3 $36 {1-0 Psakhis,L-Meduna,E/Trnava 1988 (41)}) (11. Qg4 g5 12. dxc5 Nxc5
13. O-O Nxd3 14. cxd3 Bd7 15. Qh5 Qf6 16. Bd2 Rg8 $13 {0-1 Lobron,E-Vatter,H/
BL 1988 (40)}) 11... Nf6 (11... a6 12. c3 Nf6 13. Qe2 cxd4 14. cxd4 $132 {
1-0 Markovic,G-Dimitriadi,A/Thessaloniki olw 1988 (21)}) 12. Bb5+ Ke7 13. Qe2
Qc7 (13... Bd7 14. dxc5 Bxc5 15. a4 Bxb5 16. axb5 Qb6 $11 {1/2-1/2 Akopian,
V-Anastasian,A/Erevan 1996 (33)} (16... Qb6 {Finkel,A} 17. Bd2 Rhc8 18. c4 $14
{Akopian,V-Anastasian,A/Erevan 1996 (33)})) (13... a6 $5 {Finkel,A} 14. dxc5
Bxc5 15. Bd3 Qc7 16. c4 Rd8 17. b3 b6 18. Bb2 Bb7 $11 {Wang Zili-Arlandi,E/
Open, Geneva SUI 1997 (19)}) 14. dxc5 Qxc5 (14... Bxc5 {Finkel,A} 15. Be3 Bxe3
16. Qxe3 (16. fxe3 $5 $14) 16... Bd7 17. Bd3 Rhd8 18. Rad1 $14) 15. Be3 Qc7 (
15... Qh5 16. Bd4 $14) (15... Qh5 $5 {Finkel,A}) 16. Bd4 $14 Rd8 17. c3 (17.
Rad1 Bd7 18. Bd3 $14 (18. Bd3 {Finkel,A} Rac8 19. Ne5 Ba4 $5 20. b3 Bc6 (20...
Nd7 $6 21. Nxf7 $1 Bxh2+ 22. Kh1 Kxf7 23. Qh5+ Kf8 24. Qxh2 $16) 21. c4 $14))
17... Bd7 18. Bc4 {Hoping in the future to play Ne5,f4-f5 and in this case
bishop is very good placed on c4.Unfortunetly this plan is not so easy to
carry out,so it was better to put a bishop on d3 keeping small opening
advantage} (18. Bxd7 Rxd7 19. Rad1 Qa5 20. Ne5 Bxe5 21. Bxe5 Rad8 22. Rxd7+
Rxd7 23. a3 $14) 18... Bc6 19. Ne5 Be4 $11 {[%cal Re4g2,Rd6h2,Re4g6,Re4c6,
Rc7d6]} 20. Ng4 {After this move almost by force arises equal endgame,but
white has nothing better} Nxg4 21. Qxe4 (21. Qxg4 Bxh2+ 22. Kh1 Qf4 $2 (22...
Rxd4 $5 23. cxd4 Bf4 $14) (22... Be5 $1 {Finkel,A} 23. Qxe4 Bxd4 24. Bxe6 fxe6
25. cxd4 Qb6 $11) 23. Qh3 $18) 21... Bxh2+ 22. Kh1 {[%csl Gh2][%cal Gd4g7,
Gc4e6,Ge4e6,Ge4g4]} Be5 {[%csl Ye5]} 23. Bxe6 $1 $14 fxe6 24. Qxg4 {[%csl Ge6,
Gg7]} Bxd4 25. cxd4 {[%csl Gc5,Yd4,Rd5,Ge5,Ye6,Rf5,Rf6,Yg7][%cal Gg4e6,Gg4g7,
Gg4d4,Rd8d4,Re7f7,Rf7g8,Rc7b6,Rb6d4]} Kf7 26. Rac1 Qb6 27. Qf4+ Kg8 28. Rc7
Qxd4 29. Qxd4 Rxd4 30. Rxb7 $11 a5 31. Rc1 Rad8 32. f3 Rd1+ 33. Rxd1 Rxd1+ 34.
Kh2 a4 35. b3 1/2-1/2

[Event "Tilburg"]
[Site "Tilburg"]
[Date "1994.??.??"]
[Round "4"]
[White "Shabalov, Alexander"]
[Black "Karpov, Anatoly"]
[Result "0-1"]
[WhiteElo "2600"]
[BlackElo "2780"]
[Annotator "Blatny,P"]
[PlyCount "80"]
[EventDate "1994.09.??"]
[EventType "k.o."]
[EventRounds "7"]
[EventCountry "NED"]
[SourceTitle "CBM 044"]
[Source "ChessBase"]
[SourceDate "1995.02.01"]
[SourceVersion "1"]
[SourceVersionDate "1995.02.01"]
[SourceQuality "1"]

1. e4 c6 2. d4 d5 3. Nc3 dxe4 4. Nxe4 Nd7 5. Bc4 Ngf6 6. Ng5 e6 7. Qe2 Nb6 8.
Bb3 h6 9. N5f3 c5 10. Bf4 Nbd5 11. Be5 {[+]} Qa5+ 12. Nd2 b5 {/\c4,ץb3} 13.
dxc5 Bxc5 14. O-O-O (14. c3 O-O $2 (14... Qb6 15. Bxd5 Nxd5 16. b4 (16. Bxg7
Rg8 17. Bxh6 Rxg2 18. Ne4 Bb7 $13) 16... Bf8 17. a4 bxa4 18. Rxa4 Bb7 19. Ngf3
f6 20. Bd4 Qc6 21. b5 Qd7 $13) (14... Bb7 $5 15. Ngf3 Qb6 16. O-O O-O 17. Rad1
Rad8 {Eichhorn-Morgado/corr/1994/} 18. Bc2 Ng4 $13) 15. Bxd5 Nxd5 16. b4 $18)
14... Bb7 (14... O-O 15. h4 Bb7 16. Rh3 $40 {/^b7-h1, /\g4-g5->>>}) 15. Ne4 Be7
(15... Nxe4 16. Qxe4 O-O-O 17. Nf3 Ne3 $1 (17... Nc3 $4 18. Bxc3 $18) 18. Rxd8+
Rxd8 19. Qf4 Nf5 $1 $17 (19... Nxg2 $2 20. Qxf7 (20. Qg3 $2 Nh4 $1 $19) 20...
Bd5 21. Bxd5 exd5 22. Qxg7 $18) (19... Bxf3 $2 20. Qxf3 Qd2+ 21. Kb1 Qd1+ $8
22. Rxd1 Rxd1+ 23. Qxd1 Nxd1 24. Bxg7 $16 {^^ _|_})) 16. Nd6+ Bxd6 17. Bxd6 Rd8
(17... Qb6 18. Be5 O-O 19. Nf3 $14) 18. Be5 (18. Qe5 Qb6 19. Bxd5 Rxd6 (19...
Nxd5 $2 20. Qxg7 Kd7 21. Bg3 Rdf8 22. Nf3 $18) 20. Bxb7 Rxd1+ 21. Kxd1 Qxb7 22.
Nf3 O-O 23. Kc1 {=/=/+ _|_}) 18... O-O 19. Nf3 Nd7 20. Bd6 (20. Bd4 Nf4 21. Qf1
(21. Qe1 $2 Qxe1 22. Nxe1 Ne2+ 23. Kb1 Nc5 $1 24. c3 Nxb3 25. axb3 e5 $19)
21... e5 $1 (21... Bxf3 22. gxf3 e5 $15) 22. Nxe5 $6 (22. Be3 $142 $15) 22...
Nxe5 (22... Bxg2 23. Qe1 $1) 23. Bxe5 Bxg2 24. Rg1 $1 b4 $3 (24... Bxf1 $4 25.
Rxg7+ Kh8 26. Rxf7+ Kg8 27. Rg7+ Kh8 28. Re7+ $18) 25. Rxd8 Rxd8 26. Qe1 (26.
Bxf7+ Kxf7 27. Qc4+ Ne6 $19) 26... Re8 27. Bxf4 $8 Rxe1+ 28. Rxe1 {/\Re7-/+ _|_
}) 20... Rfe8 21. Nd4 a6 (21... Qb6 22. Qxb5 Qxd6 23. Qxb7 Nc5 24. Qc6 (24.
Qxa7 Ra8 $19) (24. Qb5 Qf4+ 25. Kb1 Ne4 {/\Nc3}) 24... Nxb3+ 25. axb3 Qf4+ 26.
Kb1 Qxf2 $15) 22. Qf3 Qb6 23. Qg3 Rc8 (23... Nc5 24. Bxd5 Rxd6 25. Bxb7 Nxb7
$15) 24. Rhe1 N5f6 25. f3 Bd5 (25... a5 26. a4 $132) 26. Bxd5 Nxd5 27. Re4 Kh7
28. Rh4 Rc4 $17 29. b3 (29. Rg4 Rg8 30. Re4 (30. Nf5 $4 exf5 31. Rxc4 Qe3+ $1
$19) 30... N5f6 $19 {פd4}) 29... Rc3 30. Bf4 Nxf4 31. Qxf4 Nf6 32. Re1 $2 (32.
g4 e5 33. Qf5+ g6 34. Qg5 Ng8 35. Ne2 Rxf3 $19) (32. Ne2 $142 {/\Qd4-/+ _|_})
32... Rd8 33. Re5 $6 Qc7 34. Kb1 Nd5 35. Qg3 $2 (35. Qe4+ $8 Kg8 36. Qe1) 35...
Ne3 $19 36. Qe1 Nxg2 37. Qe4+ Kg8 38. Rg4 Re3 $1 39. Rxg7+ Kxg7 40. Qg4+ Kf8
0-1

[Event "Tilburg"]
[Site "Tilburg"]
[Date "1993.??.??"]
[Round "4"]
[White "Ivanchuk, Vassily"]
[Black "Epishin, Vladimir"]
[Result "1-0"]
[WhiteElo "2705"]
[BlackElo "2655"]
[Annotator "Blatny,P"]
[PlyCount "75"]
[EventDate "1993.11.??"]
[EventType "k.o."]
[EventRounds "7"]
[EventCountry "NED"]
[SourceTitle "CBM 039"]
[Source "ChessBase"]
[SourceDate "1994.04.01"]
[SourceVersion "1"]
[SourceVersionDate "1994.04.01"]
[SourceQuality "1"]

1. e4 c6 2. d4 d5 3. Nc3 dxe4 4. Nxe4 Nd7 5. Bc4 Ngf6 6. Ng5 e6 7. Qe2 Nb6 8.
Bb3 h6 9. N5f3 a5 10. a4 (10. c3 a4 {:/^a2-g8}) 10... c5 {><b5} 11. Be3 Qc7 12.
Ne5 {[+]} cxd4 13. Bxd4 $14 {3P:2P<<} Bc5 14. Ngf3 O-O 15. O-O Rd8 16. c3 Bd7
17. Bxc5 Qxc5 18. Nd4 {[+]} Be8 19. Kh1 Nbd5 20. f4 (20. Rad1 $5) 20... Nxc3 $5
(20... Rac8 21. f5 (21. Rad1 {+/=}) 21... exf5 22. Nxf5 $40) 21. bxc3 Qxc3 22.
Nxe6 $8 fxe6 23. Bxe6+ Kh8 (23... Kf8 $6 {ע}) 24. Rac1 Qa3 (24... Rd2 25. Qe1
{+/=/+/-}) 25. Qc2 Rd4 26. Qf5 (26. Qc7 $5) 26... Qxa4 27. Bf7 Bxf7 (27... Rd6
28. Ng6+ Kh7 29. Ne5+ Kh8 30. Ng6+ $10 (30. Ra1 $5)) 28. Nxf7+ Kg8 29. Nxh6+
Kh8 (29... Kf8 30. Rc7 $18) 30. Nf7+ (30. Rc7 Rd1 31. Nf7+ Kg8 32. Nh6+ $10)
30... Kg8 31. Ne5 (31. Nh6+ $10) 31... Qe8 $13 32. Rc7 a4 33. Qg5 Nd7 34. Ng6
$6 (34. Rxb7 a3 $15 {Pa _|_}) 34... Qe2 35. Kg1 $2 (35. Rg1 $142 Rd1 (35... Re8
$5) 36. h3 $8 Re8 $13) 35... Re8 $1 $40 (35... Qe3+ 36. Kh1 Qe2 37. Rg1) 36.
Ne5 $2 $138 (36. Qf5 Rd1 $1 (36... Rd2 $2 37. Qh3 Qxf1+ (37... Rd1 $2 38. Qh8+
Kf7 39. Rxd7+ Rxd7 40. Ne5+ $18) 38. Kxf1 Rd1+ 39. Kf2 Rd2+ 40. Kf1 $10 (40.
Kg3 $2 Re3+ 41. Kh4 Rxh3+ 42. Kxh3 b5 $19 {_|_}) (40. Kf3 $2 Rd3+ 41. Kg4 Nf6+
42. Kh4 Rxh3+ 43. Kxh3 a3 $1 44. Rxb7 Ra8 45. Rb1 a2 46. Ra1 Nd5 {/\Ne3-c2 -+})
) 37. Rxd1 (37. Ne7+ Qxe7 $1 38. Rxd1 Qe3+ $19) 37... Qxd1+ 38. Kf2 Qe1+ 39.
Kf3 Re3+ 40. Kg4 Nf6+ 41. Kg5 Rg3+ $19) (36. h4 $8 {ףg5, (/\Kh2)} a3 $17 37.
Ne5 $140 $2 a2 $1 38. Nxd7 Qxf1+ $1 39. Kxf1 a1=Q+ $19) 36... a3 $4 $138 (36...
Qe3+ 37. Kh1 Rxe5 $19) 37. Nxd7 Qe7 (37... Qe3+ $142 38. Kh1 Qxf4 $1 39. Qxf4
Rxf4 40. Ra1 b5 {+/-/+- _|_}) 38. Qb5 $18 {/\Nf6+;Ne5} 1-0

[Event "Dortmund SuperGM 25th"]
[Site "Dortmund"]
[Date "1997.07.12"]
[Round "8"]
[White "Ivanchuk, Vassily"]
[Black "Karpov, Anatoly"]
[Result "1/2-1/2"]
[WhiteElo "2725"]
[BlackElo "2745"]
[Annotator "Blatny,P"]
[PlyCount "63"]
[EventDate "1997.07.04"]
[EventType "tourn"]
[EventRounds "9"]
[EventCountry "GER"]
[EventCategory "18"]
[SourceTitle "CBM 060"]
[Source "ChessBase"]
[SourceDate "1997.09.29"]
[SourceVersion "1"]
[SourceVersionDate "1997.09.29"]
[SourceQuality "1"]

1. e4 c6 2. d4 d5 3. Nd2 dxe4 4. Nxe4 Nd7 5. Ng5 Ngf6 (5... Ndf6 {--> De
Firmian-Karpov, Biel 1990 INF 50/163}) 6. Bd3 e6 (6... h6 $6 7. Ne6 Qa5+ 8. Bd2
Qb6 9. Nf3 fxe6 10. Bg6+ Kd8 11. O-O c5 12. c4 cxd4 13. Nxd4 e5 14. c5 $1 Nxc5
15. Ba5 $18 {Tal-Oll, USSR 1986}) 7. N1f3 Bd6 (7... Be7 8. Qe2 O-O 9. h4 c5 10.
Be3 a6 11. O-O-O $132 {Shirazi-Neamtu, Biel (op) 1987}) (7... Qc7 $2 8. Qe2 h6
9. Bg6 $1 hxg5 10. Bxf7+ $1 $40 {Van der Wiel-Karpov, Amsterdam 1987}) 8. Qe2
h6 (8... Qe7 9. Ne5) 9. Ne4 (9. Nxe6 $2 fxe6 10. Bg6+ Ke7 11. O-O Nf8 12. Bd3
Bd7 13. Ne5 Qe8 14. f4 Kd8 $17 {Arnason-Ostenstad, Torshavn 1987}) 9... Nxe4
10. Qxe4 (10. Bxe4 Nf6 11. Bd3 {--> 10.Qe4 Nf6 11.Qe2}) 10... c5 {[%csl Yd4,
Rd5,Ge5]} (10... Nf6 11. Qh4 Ke7 $5 (11... Bd7 12. Bf4 Qc7 13. Be5 $1 $16 {
1-0 Svidler,P-Burmakin,V/RUS-ch Elista 1994 (37)}) (11... Qc7 12. Bd2 Bd7 13.
O-O-O O-O-O 14. Ne5 Bxe5 15. dxe5 Qxe5 16. Qa4 Qb8 17. Rhe1 Nd5 18. c4 Nf4 19.
Be4 $44) 12. Ne5 Bxe5 13. dxe5 Qa5+ 14. c3 Qxe5+ 15. Be3 b6 16. O-O-O g5 17.
Qa4 c5 18. Rhe1 Bd7 19. Qa3 Rhd8 $15 {Kamsky,G-Karpov,A Dortmund 1993}) 11. O-O
(11. Bd2 Qc7 $146 (11... Nf6 {- 45/153}) 12. Qg4 Kf8 13. Qe4 c4 14. Bf1 Rb8 15.
a4 b6 16. Qe2 Ba6 $11 {1/2-1/2 Ehlvest,J-Gulko,B/Novgorod 1995 (25)}) 11... Nf6
12. Qh4 (12. Bb5+ Ke7 13. Qe2 Bd7 14. dxc5 Bxc5 15. a4 Bxb5 16. axb5 Qb6 17.
Bd2 Rhc8 18. c4 a5 19. b3 Bb4 20. Be3 Bc5 21. Bd2 $11 {1/2-1/2 Akopian,
V-Anastasian,A/It, Erevan ARM 1996 (33)}) 12... Qc7 13. Re1 (13. dxc5 Bxc5 (
13... Qxc5 14. Be3 {/\Bd4/^a1-h8}) 14. Bf4 Qe7 15. Rad1 $14) 13... Bd7 14. Bg5
(14. dxc5 Bxc5 15. Ne5 $36) 14... Be7 (14... c4 {/\0-0-0} 15. Bxf6 $5 cxd3 16.
Bxg7 Rg8 17. Qxh6 dxc2 18. Qh7 $18) 15. dxc5 Qxc5 (15... O-O-O 16. Bf4 Qxc5 17.
Be3 $40) 16. Ne5 Bc6 (16... Rd8 17. Rad1 $14) 17. Qh3 Rd8 (17... O-O 18. Bxh6
gxh6 19. Qxh6 {/\Re3+-}) (17... Ng4 18. Bxe7 $4 (18. Qxg4 Bxg5 (18... hxg5 19.
Nxf7 Kxf7 20. Qxe6+ Kf8 21. Bc4 Be8 22. Re5 $18) 19. b4 $36) 18... Qxf2+ 19.
Kh1 Qxe1+ 20. Rxe1 Nf2+ 21. Kg1 Nxh3+ 22. gxh3 Kxe7 $19) 18. Rad1 Ne4 $6 (18...
O-O 19. Bxh6 gxh6 20. Qxh6 Be4 (20... Ne4 21. Nxc6 Qxc6 (21... Qxf2+ 22. Kh1
Bg5 (22... Qxe1+ 23. Rxe1 Bg5 24. Ne7+ Bxe7 25. Bxe4 $18) 23. Ne7+ Bxe7 24.
Rxe4 Qf5 25. Rg4+ $18) 22. h4 f5 $13) 21. Qg5+ Kh8 22. Re3 $18) 19. Bxe4 $14
Rxd1 20. Bxc6+ (20. Rxd1 Bxe4 21. Bxe7 Qxe7 (21... Qxe5 22. Qa3 Bd5 23. Bd8
Kxd8 24. c4 Qe2 25. Qb3 Kc8 26. cxd5 $14) 22. Qe3 {קa7,Pb7}) 20... bxc6 21.
Rxd1 Qxe5 (21... Bxg5 22. Qd3 Qd5 23. c4 Qxd3 24. Rxd3 $14) 22. Bxe7 Kxe7 23.
Qa3+ $14 Kf6 24. Qf3+ Kg6 25. h4 Rb8 (25... Qxb2 26. h5+ Kh7 27. Qe4+ f5 28.
Qxe6 $16) 26. b3 Rb7 27. c4 Rc7 28. c5 f5 29. b4 $2 (29. Qd3 $142 Rb7 $14)
29... Kf6 $11 30. Qd3 Qd5 31. Qc2 Qe4 32. Qc3+ (32. Qxe4 fxe4 33. Rd6 Rb7 34.
a3 a5 35. bxa5 Rb5 36. Rxc6 Rxa5 {/\Ra3-c3 =}) 1/2-1/2

[Event "Linares 10th"]
[Site "Linares"]
[Date "1992.??.??"]
[Round "2"]
[White "Kasparov, Garry"]
[Black "Karpov, Anatoly"]
[Result "1-0"]
[WhiteElo "2780"]
[BlackElo "2725"]
[Annotator "Blatny,P"]
[PlyCount "81"]
[EventDate "1992.02.??"]
[EventType "tourn"]
[EventRounds "13"]
[EventCountry "ESP"]
[EventCategory "17"]
[SourceTitle "CBM 028"]
[Source "ChessBase"]
[SourceDate "1992.06.01"]
[SourceVersion "1"]
[SourceVersionDate "1992.06.01"]
[SourceQuality "1"]

1. e4 {Hansen,Cu} c6 2. d4 d5 3. Nd2 dxe4 4. Nxe4 Nd7 5. Ng5 Ngf6 6. Bc4 e6 7.
Qe2 Nb6 8. Bb3 h6 (8... a5 {-->Kasparov-Speelman}) 9. N5f3 c5 10. Bf4 (10. Be3
{Hansen,Cu}) (10. dxc5 {Hansen,Cu}) (10. c3 {Hansen,Cu}) 10... Bd6 $6 (10... a6
{--> Watson-Spiridonov ,Palma de Mallorca 1989 (INF 48/211)}) (10... Nfd5 {
--> Kupreichik-Speelman ,Hastings 1981 (INF 33/188)}) (10... Nbd5 {-->
Short-Speelman ,Hastings 1988 (INF 47/193)}) (10... Nfd5 {Hansen,Cu} 11. Be5 (
11. Bg3 c4 12. Bxc4 Nxc4 13. Qxc4 Qa5+ 14. c3 Bd7 15. Qd3 Rc8 $13 {
Kuprejchik-Speelman Hastings 1981}) 11... c4 12. Bxc4 Bb4+ 13. Kf1 Nxc4 14.
Qxc4 O-O $44 {Watson,W-Adorjan Esbjerg 1988/Arnason,A-Adorjan Akureyri 1988})
11. Bg3 $1 {N} (11. Ne5 Qc7 12. dxc5 Qxc5 13. O-O-O O-O 14. Ngf3 (14. Rxd6 $2
Qxd6 15. Ng6 Qb4 $1 16. a3 Qe4 $19) 14... Nbd5 15. Bg3 b5 $132 16. Nd4 a6 17.
f4 $2 Nc3 $1 $17 {Sherzer-Nemeth ,Budapest Spring op 1990}) 11... Qe7 12. dxc5
Bxc5 (12... Bxg3 $2 13. cxb6 $18 {_|_}) 13. Ne5 $14 {()} Bd7 14. Ngf3 Nh5 {
/\^^,/^ h2-b8} (14... O-O-O $2 15. Nxf7 $1 Qxf7 16. Qe5 Bxf2+ $8 17. Bxf2 $18 {
^^ עc8}) 15. O-O-O Nxg3 16. hxg3 O-O-O 17. Rh5 $1 Be8 (17... Rhf8 {Hansen,Cu})
(17... g6 $5 {Hansen,Cu}) 18. Rxd8+ Kxd8 (18... Qxd8 $4 19. Nxf7 $18) 19. Qd2+
Bd6 (19... Qd6 $2 20. Nxf7+ Bxf7 21. Rxc5 $18) (19... Nd7 $2 20. Ba4 $1 Bd6 $8
21. Qa5+ $18) (19... Kc8 {Hansen,Cu} 20. Qc3 $18) 20. Nd3 {/\Ra5,Nc5->} Qc7 (
20... Kc8 {Hansen,Cu} 21. Qc3+ Kb8 22. Qxg7) 21. g4 Kc8 $8 (21... f5 $2 22. Nd4
$1 $18) 22. g5 $1 Bf8 23. Rh4 {<<} Kb8 24. a4 $1 Be7 $2 (24... a6 $142 {+/=/+/-
}) 25. a5 Nd5 26. Kb1 $1 (26. a6 Bb5 27. axb7 Rd8 $132) 26... Bd8 (26... a6 27.
c4 $18) 27. a6 Qa5 (27... b6 28. c4 Ne7 29. gxh6 $18) (27... bxa6 28. c4 Nb6
29. Nb4 $40 Kb7 30. c5 Nc8 31. c6+ Bxc6 32. Rc4 Ne7 33. Nxc6 Nxc6 34. Ba4 $18)
28. Qe2 $1 Nb6 (28... Qxa6 $2 29. Qe5+ Ka8 30. Qxg7 $18) 29. axb7 Bxg5 (29...
Kxb7 30. Nfe5 $40 Bxg5 31. Qf3+ Nd5 32. Rd4 {/\Nf7}) 30. Nxg5 Qxg5 31. Rh5 Qf6
(31... Qxg2 {Hansen,Cu} 32. Ra5 $18 {/\Nd3-c5+Qa6/Qe5+}) 32. Ra5 Bc6 33. Nc5 {
/\ 34.Rxa7} Bxb7 34. Nxb7 Kxb7 35. Qa6+ Kc6 36. Ba4+ Kd6 37. Qd3+ Nd5 38. Qg3+
(38. c4 $18) 38... Qe5 39. Qa3+ Kc7 40. Qc5+ Kd8 41. Rxa7 1-0

[Event "FIDE-Wch k.o."]
[Site "Groningen"]
[Date "1997.12.25"]
[Round "6.7"]
[White "Short, Nigel D"]
[Black "Adams, Michael"]
[Result "0-1"]
[WhiteElo "2660"]
[BlackElo "2680"]
[Annotator "Blatny,P"]
[PlyCount "70"]
[EventDate "1997.12.09"]
[EventType "k.o."]
[EventRounds "7"]
[EventCountry "NED"]
[SourceTitle "CBM 063"]
[Source "ChessBase"]
[SourceDate "1998.03.26"]
[SourceVersion "1"]
[SourceVersionDate "1998.03.26"]
[SourceQuality "1"]

1. e4 c6 2. d4 d5 3. Nc3 dxe4 4. Nxe4 Nd7 5. Bc4 Ngf6 6. Nxf6+ Nxf6 7. c3 Qc7
8. h3 (8. Qd3 Bg4 9. Nf3 e6 10. Ne5 Bd6 11. Nxg4 Nxg4 12. g3 O-O-O 13. Qf3 h5 {
Mokry,K-Meduna,E/Tirnavia 1986}) (8. Qf3 Bg4 9. Qg3 Qxg3 10. hxg3 Bf5 11. Ne2
e6 12. f3 {1/2-1/2 Ivanchuk,V-Karpov,A/Dortmund 1995}) 8... Bf5 9. Nf3 e6 {
[%csl Gc3,Gc5,Rc6,Gd4,Rd5,Ge5,Re6]} 10. O-O (10. Bg5 Bd6 {/\h6-g5}) 10... Bd6
11. Re1 {[%cal Ge1e6,Gc4e6,Gd4d5]} h6 (11... O-O 12. Qe2 b5 13. Bb3 a5 14. Bg5
$14) 12. Qe2 O-O-O 13. a4 {/\-><<} (13. Be3 Ne4 {[+]}) 13... g5 $132 14. Ne5
Nd5 15. a5 (15. Bxd5 exd5 {/\f7-f6}) 15... f6 (15... Rhf8 16. Qh5) 16. Nd3 (16.
Bxd5 exd5 17. Qf3 $36) 16... h5 17. Bd2 {/\b4} a6 (17... g4 18. h4) 18. Bb3 Kb8
19. c4 Nf4 (19... Ne7 20. Bc3 g4 21. h4 Ng6) 20. Nxf4 Bxf4 21. Bc3 (21. Bxf4
Qxf4 {קd4}) 21... g4 22. h4 g3 $40 (22... Bh2+ 23. Kh1 g3 24. f3) 23. f3 Rhe8
24. Bc2 (24. Ba4 $142) 24... Bxc2 25. Qxc2 f5 $1 {/\Qc7-e7-h4-h2} 26. Rad1 (26.
Bb4 Rxd4) 26... Qe7 27. Bd2 (27. d5 Qxh4 28. Bd4 c5 29. Bxc5 Bd6 30. Bxd6+ Rxd6
$19) 27... Bxd2 (27... Qxh4 28. Bxf4+ Qxf4 $40) 28. Qxd2 Qxh4 $19 29. Qe3 {
[%cal Ge3g1,Ge3e5]} f4 30. Qe5+ Ka8 31. Rd2 Qh2+ 32. Kf1 Qh1+ 33. Ke2 Qxg2+ 34.
Kd1 Qxf3+ 35. Kc2 h4 (35... h4 36. Rd3 Qg4 $19) 0-1